| 000 | 00740nam0a22002531 4500 | ||
|---|---|---|---|
| 001 | rc\64370 | ||
| 005 | 20250620165135.0 | ||
| 010 |
_a5-7027-0124-0 _940000 |
||
| 035 | _a(NLR Aleph) 005339058 | ||
| 090 |
_a6673653 _c6673653 |
||
| 100 | _a20021216d1995 |||y0rusy50 ca | ||
| 101 | 0 | _arus | |
| 102 | _aRU | ||
| 105 | _ay ||||||||| | ||
| 200 | 1 |
_aВолевой поступок _e[Пер. с англ.] _fБарбара Тейлор Брэдфорд |
|
| 210 |
_aМ. _cВагриус _d1995 |
||
| 215 |
_a558, [1] с. _d22 |
||
| 225 | 1 | _aАфродита | |
| 700 | 1 |
_aБрэдфорд _bБ.Т. _gБарбара Тейлор |
|
| 801 | 0 |
_aRU _bNLR _gpsbo |
|
| 801 | 1 |
_aRU _bELAR _2rusmarc |
|
| 852 |
_aNLR _j95-3/4586 |
||
| 942 | _cBOOK | ||
| 980 | _aNB | ||